000 00427nam a2200169Ia 4500
003 GCL
008 140319s9999 xx 000 0 eng d
040 _aGCL /
_cGCL
082 0 4 _a684.08
_bR B
100 1 _aREGESTER, DAVID
245 1 0 _aBASIC WOODTURRNING TECHNIQUE /
_cREGESTER, DAVID
260 _a[S.N] :
_bBETTERWAY BOOKS ،
_c1993
300 _a112 P
650 0 4 _aHANDCRAFT
650 0 4 _aWOOD WORK
942 _2ddc
_cBK
999 _c21440
_d21440